[Event "Aktobe Dvorkovich op-B"]
[Site "Aktobe"]
[Date "2025.06.30"]
[Round "9"]
[White "Tursunali, Bekarys"]
[Black "Tleukhanov, Yerlan"]
[Result "0-1"]
[WhiteElo "2008"]
[BlackElo "2296"]
[PlyCount "46"]
[EventDate "2025.06.22"]
[EventType "swiss"]
[EventRounds "9"]
[EventCountry "KAZ"]
[SourceTitle "CB27_2025"]
[SourceDate "2025.07.02"]
[SourceVersion "1"]
[SourceVersionDate "2025.07.02"]
[SourceQuality "1"]

1. d4 Nf6 2. Nc3 d5 3. Bf4 a6 4. e3 h6 5. Nf3 e6 6. Ne5 c5 7. Qf3 b5 8. dxc5 Bxc5 9. 0-0-0 Bb7 10. g4 Nbd7 11. Nxd7 Qxd7 12. Bg2 b4 13. Nb1 Qa4 14. Be5 Rc8 15. Qe2 Nxg4 16. Bd4 Nf6 17. Rhg1 Ke7 18. f4 Rc7 19. Rd2 Rhc8 20. a3 Bxd4 21. exd4 a5 22. f5 Ba6 23. Qd1 Bd3 0-1

[Event "Aktobe Dvorkovich op-B"]
[Site "Aktobe"]
[Date "2025.06.25"]
[Round "4"]
[White "Akhmet, Suleyman"]
[Black "Tleukhanov, Yerlan"]
[Result "0-1"]
[WhiteElo "2049"]
[BlackElo "2296"]
[PlyCount "48"]
[EventDate "2025.06.22"]
[EventType "swiss"]
[EventRounds "9"]
[EventCountry "KAZ"]
[SourceTitle "CB27_2025"]
[SourceDate "2025.07.02"]
[SourceVersion "1"]
[SourceVersionDate "2025.07.02"]
[SourceQuality "1"]

1. d4 Nf6 2. c4 e6 3. Nc3 Bb4 4. Qc2 0-0 5. e4 d5 6. e5 Ne4 7. Bd3 c5 8. Nf3 cxd4 9. Nxd4 Nd7 10. Bf4 Qh4 11. g3 Qh5 12. 0-0 g5 13. cxd5 Nxc3 14. dxe6 gxf4 15. exd7 Bxd7 16. bxc3 Rac8 17. Bf5 Bxc3 18. Bxd7 Bxa1 19. Bxc8 Bxd4 20. Bxb7 Qxe5 21. Kg2 Re8 22. Qd2 Rb8 23. Re1 Qf6 24. Rd1 Bxf2 0-1

[Event "Aktobe Dvorkovich op-B"]
[Site "Aktobe"]
[Date "2025.06.22"]
[Round "1"]
[White "Tleukhanov, Yerlan"]
[Black "Irgaliyev, Alikhan"]
[Result "1-0"]
[WhiteElo "2296"]
[BlackElo "1979"]
[PlyCount "87"]
[EventDate "2025.06.22"]
[EventType "swiss"]
[EventRounds "9"]
[EventCountry "KAZ"]
[SourceTitle "CB27_2025"]
[SourceDate "2025.07.02"]
[SourceVersion "1"]
[SourceVersionDate "2025.07.02"]
[SourceQuality "1"]

1. e4 d6 2. d4 Nf6 3. Nc3 g6 4. Be3 Bg7 5. Qd2 c6 6. 0-0-0 b5 7. f3 b4 8. Na4 a5 9. Bh6 Bxh6 10. Qxh6 Qc7 11. e5 Nd5 12. Bd3 dxe5 13. Qg7 Rf8 14. dxe5 Nf4 15. Be4 Nd7 16. Qxh7 Qxe5 17. Qh4 Nxg2 18. Qf2 Qg5+ 19. Kb1 Ne3 20. Qd2 Qb5 21. Qxe3 Qxa4 22. Ne2 Qb5 23. Nd4 Qc5 24. Bxc6 Ra6 25. Rhe1 Rh8 26. Qe2 Rb6 27. Nb3 Qg5 28. Nxa5 e6 29. Rd5 Qe7 30. Qf2 Ra6 31. Bb5 Rd6 32. Rc5 Qd8 33. Nc4 Ke7 34. Rxc8 Qxc8 35. Nxd6 Qc7 36. Rd1 Nf6 37. Qg3 Rd8 38. Nf5+ Kf8 39. Rxd8+ Qxd8 40. Qd6+ Qxd6 41. Nxd6 Ke7 42. Nc4 g5 43. Kc1 Nd5 44. Bc6 1-0

[Event "KAZ-ch"]
[Site "Astana"]
[Date "2025.05.26"]
[Round "7"]
[White "Tleukhanov, Yerlan"]
[Black "Zhauynbay, Aldiyar"]
[Result "1/2-1/2"]
[WhiteElo "2169"]
[BlackElo "2265"]
[PlyCount "96"]
[EventDate "2025.05.21"]
[EventType "tourn"]
[EventRounds "13"]
[EventCountry "KAZ"]
[EventCategory "7"]
[SourceTitle "CB24_2025"]
[SourceDate "2025.06.11"]
[SourceVersion "1"]
[SourceVersionDate "2025.06.11"]
[SourceQuality "1"]

1. e4 e5 2. Nf3 Nc6 3. Bb5 a6 4. Ba4 d6 5. 0-0 Bg4 6. h3 h5 7. d4 b5 8. Bb3 Nxd4 9. hxg4 hxg4 10. Ng5 Nh6 11. Bd5 c6 12. c3 cxd5 13. cxd4 Be7 14. Qd2 dxe4 15. dxe5 dxe5 16. Nxe4 f5 17. Qe2 fxe4 18. Qxe4 Nf7 19. Qxg4 Qd4 20. Qxd4 exd4 21. Bf4 0-0 22. Nd2 Rac8 23. Rac1 g5 24. Bc7 g4 25. Nb3 Bg5 26. Rc5 d3 27. Rd1 Rfe8 28. Kf1 Re2 29. Rxd3 Rxb2 30. g3 Be7 31. Rc1 Ng5 32. Rd7 Bf6 33. Re1 Bc3 34. Re3 b4 35. Bd8 Nh7 36. Re4 Rxa2 37. Rxg4+ Kh8 38. Rh4 Bg7 39. Nd4 Rd2 40. Ba5 Rf8 41. Bxb4 Rfxf2+ 42. Ke1 Rxd4 43. Rhxd4 Bxd4 44. Rxd4 Rf3 45. g4 Kg7 46. Ke2 Rb3 47. Bd2 Rb6 48. Kf3 Kg6 1/2-1/2

[Event "KAZ-ch"]
[Site "Astana"]
[Date "2025.05.24"]
[Round "5"]
[White "Tleukhanov, Yerlan"]
[Black "Zhalmakhanov, Ramazan"]
[Result "1/2-1/2"]
[WhiteElo "2169"]
[BlackElo "2456"]
[PlyCount "98"]
[EventDate "2025.05.21"]
[EventType "tourn"]
[EventRounds "13"]
[EventCountry "KAZ"]
[EventCategory "7"]
[SourceTitle "CB24_2025"]
[SourceDate "2025.06.11"]
[SourceVersion "1"]
[SourceVersionDate "2025.06.11"]
[SourceQuality "1"]

1. e4 c5 2. Nf3 d6 3. d4 cxd4 4. Nxd4 Nf6 5. Nc3 a6 6. Bd3 g6 7. f3 Qb6 8. a3 Nbd7 9. Be3 e5 10. Nf5 Nc5 11. b4 Nxd3+ 12. Qxd3 Qc6 13. Bg5 Nxe4 14. fxe4 gxf5 15. Nd5 Be6 16. Nf6+ Kd8 17. exf5 Bc4 18. Nd5+ Ke8 19. Nf6+ Kd8 20. Nd5+ f6 21. Bxf6+ Ke8 22. Qh3 Qxd5 23. Bxh8 Qe4+ 24. Kf2 Qe2+ 25. Kg1 Qd2 26. Qh5+ Bf7 27. Qh4 Bh6 28. Re1 Kd7 29. Bf6 Be3+ 30. Rxe3 Qxe3+ 31. Qf2 Qc1+ 32. Qf1 Qxc2 33. h4 Rg8 34. Qf3 Kc7 35. Kh2 Bh5 36. Qd5 Re8 37. Bg5 Qxf5 38. Rc1+ Kb8 39. Qxd6+ Ka8 40. Rc7 Qe4 41. b5 Be2 42. Bd8 Qf4+ 43. Kg1 Qf1+ 44. Kh2 Qf4+ 45. Kg1 Qf1+ 46. Kh2 Qf4+ 47. Kg1 Qf1+ 48. Kh2 Qf4+ 49. Kg1 Qf1+ 1/2-1/2

[Event "Titled Tuesday intern op 06th May Early"]
[Site "Chess.com INT"]
[Date "2025.05.06"]
[Round "6"]
[White "Kantans, Toms"]
[Black "Tleukhanov, Yerlan"]
[Result "1-0"]
[WhiteElo "2517"]
[BlackElo "2169"]
[PlyCount "95"]
[EventDate "2025.05.06"]
[EventType "swiss (blitz)"]
[EventRounds "11"]
[EventCountry "USA"]
[SourceTitle "CB20_2025"]
[SourceDate "2025.05.14"]
[SourceVersion "1"]
[SourceVersionDate "2025.05.14"]
[SourceQuality "1"]

1. e4 c5 2. Nf3 Nc6 3. Bb5 g6 4. c3 Bg7 5. d4 cxd4 6. cxd4 d5 7. exd5 Qxd5 8. Nc3 Qd8 9. d5 a6 10. Ba4 b5 11. dxc6 bxa4 12. Qxd8+ Kxd8 13. Bf4 a3 14. Rd1+ Ke8 15. Nd5 e5 16. Bxe5 Bxe5 17. Nxe5 Rb8 18. bxa3 Be6 19. 0-0 Rc8 20. Rfe1 Ne7 21. Nb6 Rc7 22. Rd6 Nf5 23. Rd2 Ne7 24. Rc1 f6 25. Rd6 fxe5 26. Rxe6 Kf7 27. Rxe5 Rb8 28. Nd5 Nxd5 29. Rxd5 Rxc6 30. Rcd1 Rb2 31. Rd7+ Kf6 32. Rxh7 Rxa2 33. Ra7 Rxa3 34. g3 a5 35. h4 a4 36. Kg2 Ke6 37. Rd4 Ra2 38. Rdxa4 Rb2 39. Re4+ Kf6 40. Rf4+ Ke6 41. Rg7 Kd5 42. Re7 Rc1 43. Kh3 Rc6 44. Kg4 Rcc2 45. Ref7 Rc6 46. Kg5 Kc5 47. R7f6 Rc7 48. Kxg6 1-0

[Event "Titled Tuesday intern op 06th May Early"]
[Site "Chess.com INT"]
[Date "2025.05.06"]
[Round "3"]
[White "Tleukhanov, Yerlan"]
[Black "Kaminska, Zuzanna"]
[Result "1-0"]
[WhiteElo "2169"]
[BlackElo "1900"]
[PlyCount "53"]
[EventDate "2025.05.06"]
[EventType "swiss (blitz)"]
[EventRounds "11"]
[EventCountry "USA"]
[SourceTitle "CB20_2025"]
[SourceDate "2025.05.14"]
[SourceVersion "1"]
[SourceVersionDate "2025.05.14"]
[SourceQuality "1"]

1. e4 e6 2. d4 d5 3. Nc3 Bb4 4. e5 c5 5. a3 Bxc3+ 6. bxc3 c4 7. Qg4 Kf8 8. h4 h5 9. Qf4 Nh6 10. Nf3 Nf5 11. Ng5 Qc7 12. a4 a5 13. Ba3+ Kg8 14. Rb1 Nc6 15. Be2 b6 16. Bd6 Qb7 17. Bc5 Ra6 18. f3 Nh6 19. g4 hxg4 20. fxg4 Nd8 21. 0-0 Qc6 22. Be7 Qd7 23. Bxd8 Qxd8 24. Nxf7 Nxf7 25. Qxf7+ Kh7 26. g5 Bd7 27. Rf6 1-0

[Event "Titled Tuesday intern op 06th May Early"]
[Site "Chess.com INT"]
[Date "2025.05.06"]
[Round "7"]
[White "Tleukhanov, Yerlan"]
[Black "Mateus, Martha"]
[Result "1-0"]
[WhiteElo "2169"]
[BlackElo "1963"]
[PlyCount "53"]
[EventDate "2025.05.06"]
[EventType "swiss (blitz)"]
[EventRounds "11"]
[EventCountry "USA"]
[SourceTitle "CB20_2025"]
[SourceDate "2025.05.14"]
[SourceVersion "1"]
[SourceVersionDate "2025.05.14"]
[SourceQuality "1"]

1. Nf3 Nf6 2. g3 e6 3. Bg2 a6 4. 0-0 b5 5. d3 Bb7 6. e4 Be7 7. Re1 0-0 8. Nbd2 c5 9. e5 Ne8 10. Ne4 f6 11. exf6 Nxf6 12. Bf4 d6 13. Neg5 e5 14. Ne6 Qe8 15. Nxf8 Qxf8 16. Bg5 Nbd7 17. Nxe5 Nxe5 18. Bxb7 Nfg4 19. Bf4 g5 20. Rxe5 Nxf2 21. Qe2 dxe5 22. Bd5+ Kg7 23. Bxe5+ Kh6 24. Qxf2 Qxf2+ 25. Kxf2 Rf8+ 26. Kg2 Rf5 27. Re1 1-0

[Event "KAZ-ch U20"]
[Site "Almaty"]
[Date "2025.05.04"]
[Round "7"]
[White "Tleukhanov, Yerlan"]
[Black "Daulet, Alikhan"]
[Result "1-0"]
[WhiteElo "2169"]
[BlackElo "2100"]
[PlyCount "95"]
[EventDate "2025.05.01"]
[EventType "swiss"]
[EventRounds "9"]
[EventCountry "KAZ"]
[SourceTitle "CB19_2025"]
[SourceDate "2025.05.07"]
[SourceVersion "1"]
[SourceVersionDate "2025.05.07"]
[SourceQuality "1"]

1. e4 c5 2. Nf3 Nc6 3. d4 cxd4 4. Nxd4 Nf6 5. Nc3 e5 6. Ndb5 d6 7. Nd5 Nxd5 8. exd5 Nb8 9. c4 a6 10. Nc3 Be7 11. Bd3 0-0 12. 0-0 f5 13. f3 Nd7 14. a3 Bg5 15. Kh1 e4 16. fxe4 f4 17. Ne2 f3 18. gxf3 Bxc1 19. Rxc1 Qh4 20. f4 Nc5 21. b4 Nxd3 22. Qxd3 Bh3 23. Rg1 Bg4 24. f5 Bxe2 25. Qxe2 Rae8 26. Rg4 Qh3 27. Rcg1 Re7 28. R1g3 Qh6 29. Qf1 Kh8 30. Rf4 Qf6 31. Qh3 Qa1+ 32. Rg1 Qf6 33. Rg6 Qa1+ 34. Rf1 Qd4 35. Re6 Rxe6 36. dxe6 Qxe4+ 37. Qf3 Qxc4 38. e7 Rg8 39. f6 Qf7 40. fxg7+ Qxg7 41. Re1 Re8 42. Qxb7 Qc3 43. Qe4 d5 44. Qe2 Qf6 45. Qg4 Rxe7 46. Qc8+ Kg7 47. Rg1+ Kh6 48. Qh3+ 1-0

[Event "KAZ-ch U20"]
[Site "Almaty"]
[Date "2025.05.01"]
[Round "2"]
[White "Tleukhanov, Yerlan"]
[Black "Gein, Dmitriy"]
[Result "1-0"]
[WhiteElo "2169"]
[BlackElo "1865"]
[PlyCount "71"]
[EventDate "2025.05.01"]
[EventType "swiss"]
[EventRounds "9"]
[EventCountry "KAZ"]
[SourceTitle "CB19_2025"]
[SourceDate "2025.05.07"]
[SourceVersion "1"]
[SourceVersionDate "2025.05.07"]
[SourceQuality "1"]

1. e4 c5 2. Nf3 Nc6 3. d4 cxd4 4. Nxd4 Nf6 5. Nc3 e5 6. Ndb5 d6 7. Nd5 Nxd5 8. exd5 Nb8 9. a4 Be7 10. Bd2 0-0 11. a5 f5 12. Be2 Bd7 13. 0-0 Bxb5 14. Bxb5 a6 15. Be2 Bg5 16. b4 Nd7 17. f3 b5 18. c4 bxc4 19. Bxc4 Bxd2 20. Qxd2 Qh4 21. Qe2 Qd4+ 22. Kh1 e4 23. f4 e3 24. Ra3 Rfe8 25. b5 Re4 26. Bd3 Rxf4 27. Bxf5 Nc5 28. Rxf4 Qxf4 29. Be6+ Nxe6 30. dxe6 axb5 31. Rxe3 Rxa5 32. g3 Ra1+ 33. Kg2 Qf8 34. e7 Qe8 35. Rf3 Qa8 36. e8Q+ 1-0

[Event "Almaty zt 3.4"]
[Site "Almaty"]
[Date "2025.04.04"]
[Round "3"]
[White "Tleukhanov, Yerlan"]
[Black "Bolys, Tolegen"]
[Result "1-0"]
[WhiteElo "2143"]
[BlackElo "1952"]
[PlyCount "109"]
[EventDate "2025.04.02"]
[EventType "swiss"]
[EventRounds "9"]
[EventCountry "KAZ"]
[SourceTitle "CB15_2025"]
[SourceDate "2025.04.09"]
[SourceVersion "1"]
[SourceVersionDate "2025.04.09"]
[SourceQuality "1"]

1. e4 c5 2. Nf3 Nc6 3. Bb5 Nf6 4. Nc3 Qc7 5. 0-0 Nd4 6. Re1 e5 7. a4 Be7 8. d3 0-0 9. Bc4 d6 10. h3 h6 11. Nh2 Qd8 12. Nf1 Rb8 13. Ne3 a6 14. a5 Nc6 15. Ncd5 Nxd5 16. Nxd5 Bg5 17. Bxg5 Qxg5 18. Re3 Kh7 19. Rg3 Qd8 20. Qd2 Ne7 21. Ne3 f5 22. exf5 Nxf5 23. Nxf5 Bxf5 24. Bd5 Kh8 25. b4 Qc7 26. Qc3 Rfc8 27. Rf3 Qd7 28. bxc5 Rxc5 29. Qb3 Rb5 30. Qa2 Bg6 31. c4 Rc5 32. Rb1 Kh7 33. Rb6 Qe7 34. Re3 Qc7 35. Qa3 Be8 36. Qb4 Bc6 37. Rxe5 Bxd5 38. Rxd5 Rxd5 39. cxd5 Rf8 40. Rxb7 Qc1+ 41. Kh2 Rf4 42. Qxd6 Rxf2 43. Qg3 Qf4 44. Rxg7+ Kh8 45. Qxf4 Rxf4 46. Rg6 Kh7 47. Rxa6 Rd4 48. d6 Rxd3 49. Rb6 Kg7 50. a6 Kf7 51. a7 Ra3 52. d7 Ke7 53. Rb8 Kxd7 54. a8Q Rxa8 55. Rxa8 1-0

[Event "Almaty zt 3.4"]
[Site "Almaty"]
[Date "2025.04.02"]
[Round "1"]
[White "Tleukhanov, Yerlan"]
[Black "Abdisalimov, Abdimalik"]
[Result "1/2-1/2"]
[WhiteElo "2143"]
[BlackElo "2525"]
[PlyCount "118"]
[EventDate "2025.04.02"]
[EventType "swiss"]
[EventRounds "9"]
[EventCountry "KAZ"]
[SourceTitle "CB15_2025"]
[SourceDate "2025.04.09"]
[SourceVersion "1"]
[SourceVersionDate "2025.04.09"]
[SourceQuality "1"]

1. e4 c5 2. Nf3 d6 3. d4 cxd4 4. Nxd4 Nf6 5. Nc3 a6 6. h3 Nc6 7. Be3 e5 8. Nf3 Be7 9. Bc4 0-0 10. 0-0 Be6 11. Bb3 Na5 12. Bxe6 fxe6 13. Qe2 Rc8 14. Rad1 Nc4 15. Bc1 b5 16. Qd3 Rc6 17. Ne2 h6 18. b3 Nb6 19. Nh4 Qe8 20. f4 Nbd7 21. fxe5 Nxe5 22. Qe3 Nfd7 23. Qg3 Bxh4 24. Qxh4 Rxc2 25. Nf4 Nf6 26. Rxd6 g5 27. Qxh6 gxf4 28. Bxf4 Qg6 29. Qxg6+ Nxg6 30. Bh6 Rf7 31. Rxe6 Nh4 32. Rexf6 Rxg2+ 33. Kh1 Rxf6 34. Rxf6 Rg3 35. Kh2 Rg2+ 36. Kh1 Rg3 37. Rf2 Kh7 38. Bf4 Rd3 39. Kh2 Kg6 40. Bg3 Nf3+ 41. Kg2 Ne1+ 42. Kf1 Rxg3 43. Kxe1 Re3+ 44. Kd2 Rxe4 45. Re2 Rh4 46. Re3 Kf5 47. Kc3 a5 48. Kb2 a4 49. Ka3 axb3 50. axb3 Kf4 51. Re8 Rxh3 52. Kb4 Kf5 53. Rb8 Ke6 54. Rxb5 Kd6 55. Rg5 Kc6 56. Rg6+ Kb7 57. Ka4 Rh4+ 58. b4 Rh5 59. b5 Rh1 1/2-1/2

[Event "Titled Tuesday intern op 25th Mar Early"]
[Site "Chess.com INT"]
[Date "2025.03.25"]
[Round "11"]
[White "Moayad, Anas"]
[Black "Tleukhanov, Yerlan"]
[Result "1-0"]
[WhiteElo "2022"]
[BlackElo "2177"]
[PlyCount "37"]
[EventDate "2025.03.25"]
[EventType "swiss (blitz)"]
[EventRounds "11"]
[EventCountry "USA"]
[SourceTitle "CB14_2025"]
[SourceDate "2024.11.01"]
[SourceVersion "1"]
[SourceVersionDate "2024.11.01"]
[SourceQuality "1"]

1. e4 c5 2. Nf3 Nc6 3. Bb5 e6 4. 0-0 Nge7 5. Re1 b6 6. c3 a6 7. Bf1 d5 8. exd5 Nxd5 9. d4 cxd4 10. Nxd4 Bb7 11. Nxc6 Bxc6 12. c4 Nb4 13. Qb3 Qd7 14. Nc3 a5 15. Be3 a4 16. Qd1 Qxd1 17. Raxd1 Nc2 18. Bxb6 Ne3 19. Bxe3 1-0

[Event "Titled Tuesday intern op 25th Mar Early"]
[Site "Chess.com INT"]
[Date "2025.03.25"]
[Round "3"]
[White "Pakleza, Zbigniew"]
[Black "Tleukhanov, Yerlan"]
[Result "1-0"]
[WhiteElo "2485"]
[BlackElo "2177"]
[PlyCount "67"]
[EventDate "2025.03.25"]
[EventType "swiss (blitz)"]
[EventRounds "11"]
[EventCountry "USA"]
[SourceTitle "CB14_2025"]
[SourceDate "2024.11.01"]
[SourceVersion "1"]
[SourceVersionDate "2024.11.01"]
[SourceQuality "1"]

1. d4 Nf6 2. Nf3 d5 3. Bf4 c5 4. c3 Nc6 5. Nbd2 Bf5 6. Qb3 Qb6 7. dxc5 Qxc5 8. Qxb7 Rd8 9. e3 Bc8 10. Qb5 e6 11. Nb3 Qxb5 12. Bxb5 Bd7 13. Nfd4 Rc8 14. Ba6 Nxd4 15. Nxd4 Rc5 16. 0-0 Be7 17. Rfc1 Ne4 18. f3 Nd6 19. b4 Rc7 20. e4 dxe4 21. c4 f6 22. c5 e5 23. cxd6 Bxd6 24. Bg3 Rxc1+ 25. Rxc1 Bxb4 26. Nb5 e3 27. Nc7+ Kf7 28. Bc4+ Kg6 29. Nd5 Rc8 30. Nxb4 e2 31. Kf2 Bf5 32. Kxe2 a5 33. Nd5 Kh5 34. Ne7 1-0

[Event "Titled Tuesday intern op 25th Mar Early"]
[Site "Chess.com INT"]
[Date "2025.03.25"]
[Round "2"]
[White "Tleukhanov, Yerlan"]
[Black "Gardezi, Arsal"]
[Result "1-0"]
[WhiteElo "2177"]
[BlackElo "2048"]
[PlyCount "155"]
[EventDate "2025.03.25"]
[EventType "swiss (blitz)"]
[EventRounds "11"]
[EventCountry "USA"]
[SourceTitle "CB14_2025"]
[SourceDate "2024.11.01"]
[SourceVersion "1"]
[SourceVersionDate "2024.11.01"]
[SourceQuality "1"]

1. e4 e6 2. d4 d5 3. Nd2 dxe4 4. Nxe4 Nd7 5. Nf3 Ngf6 6. Bd3 Be7 7. c3 0-0 8. 0-0 b6 9. Ng3 Bb7 10. Bf4 Nd5 11. Bd2 N7f6 12. Re1 c5 13. Qa4 cxd4 14. Qxd4 a6 15. a4 Bc5 16. Qh4 Ne7 17. Ne5 Ng6 18. Bxg6 hxg6 19. Bg5 Qd5 20. Nf3 Nd7 21. Rad1 Qc6 22. Ne4 f6 23. Nxc5 bxc5 24. Be3 Ne5 25. Qg3 Nxf3+ 26. gxf3 Qxf3 27. Qxf3 Bxf3 28. Rd7 Rfc8 29. a5 Rab8 30. Rd6 Bd5 31. Rxa6 Rxb2 32. Rd6 Ra2 33. a6 Ra8 34. Bxc5 R2xa6 35. Rxa6 Rxa6 36. Rd1 Ra4 37. Bd4 e5 38. Be3 Rg4+ 39. Kf1 Bc4+ 40. Ke1 Rg2 41. Rd8+ Kh7 42. h4 Rh2 43. Rc8 Rxh4 44. Kd2 Be6 45. Rc7 f5 46. Re7 Bc4 47. Rxe5 f4 48. Bd4 f3 49. Re7 Rh2 50. Rxg7+ Kh6 51. Rc7 Bd5 52. Ke3 Rh4 53. Bg7+ Kh5 54. Bf6 Re4+ 55. Kd3 Re6 56. Bd4 Be4+ 57. Kd2 Bd5 58. c4 Ba8 59. c5 Re2+ 60. Kd3 Bd5 61. Rd7 Bc6 62. Rd6 Bb5+ 63. Kc3 Re1 64. Kb4 Be8 65. c6 Rb1+ 66. Kc4 Rc1+ 67. Bc3 Bf7+ 68. Kb4 Rb1+ 69. Ka5 Rc1 70. Bb4 Ra1+ 71. Kb5 Rc1 72. Bc5 Bc4+ 73. Kb6 Rb1+ 74. Kc7 g5 75. Be3 g4 76. Kd7 Bb5 77. Kd8 Re1 78. Rh6# 1-0

[Event "Titled Tuesday intern op 25th Mar Early"]
[Site "Chess.com INT"]
[Date "2025.03.25"]
[Round "6"]
[White "Tleukhanov, Yerlan"]
[Black "Teh, Wee Zhun"]
[Result "1-0"]
[WhiteElo "2177"]
[BlackElo "2010"]
[PlyCount "69"]
[EventDate "2025.03.25"]
[EventType "swiss (blitz)"]
[EventRounds "11"]
[EventCountry "USA"]
[SourceTitle "CB14_2025"]
[SourceDate "2024.11.01"]
[SourceVersion "1"]
[SourceVersionDate "2024.11.01"]
[SourceQuality "1"]

1. e4 c6 2. d4 d5 3. f3 e6 4. Nc3 Bb4 5. Bd2 Bxc3 6. Bxc3 dxe4 7. Nh3 Nf6 8. Qe2 e3 9. Qxe3 Nd5 10. Qd2 Nxc3 11. bxc3 0-0 12. Nf4 Re8 13. Bd3 e5 14. Ne2 exd4 15. cxd4 Qh4+ 16. g3 Qh3 17. Kf2 Nd7 18. Nf4 Qh6 19. Rae1 Rxe1 20. Qxe1 Nf8 21. Qe8 b6 22. c3 Bb7 23. Qe7 Rb8 24. Qc7 Re8 25. Qxb7 g5 26. Bc4 Qf6 27. Nh5 Qg6 28. g4 Qc2+ 29. Kg3 Ne6 30. Nf6+ Kf8 31. Bxe6 Rxe6 32. Qc8+ Kg7 33. Nh5+ Kh6 34. Qf8+ Kg6 35. Qg7# 1-0

[Event "Titled Tuesday intern op 04th Mar Early"]
[Site "Chess.com INT"]
[Date "2025.03.04"]
[Round "5"]
[White "Tleukhanov, Yerlan"]
[Black "Munoz, Francisco Javier"]
[Result "1-0"]
[WhiteElo "2177"]
[BlackElo "2389"]
[PlyCount "77"]
[EventDate "2025.03.04"]
[EventType "swiss (blitz)"]
[EventRounds "11"]
[EventCountry "USA"]
[SourceTitle "CB11_2025"]
[SourceDate "2025.03.12"]
[SourceVersion "1"]
[SourceVersionDate "2025.03.12"]
[SourceQuality "1"]

1. e4 e5 2. Nf3 Nc6 3. Bb5 a6 4. Ba4 Nge7 5. 0-0 g6 6. c3 Bg7 7. d4 exd4 8. cxd4 0-0 9. d5 b5 10. Bb3 Na5 11. Bd2 Nxb3 12. Qxb3 c5 13. Bc3 c4 14. Qc2 f6 15. a4 Rb8 16. axb5 axb5 17. Bb4 d6 18. Nc3 f5 19. Rfe1 fxe4 20. Nxe4 Rxf3 21. gxf3 Nf5 22. Bc3 Nh4 23. Re3 Bf5 24. Bxg7 Kxg7 25. Qc3+ Kh6 26. Ra7 Qf8 27. Nf6 g5 28. Ree7 Ra8 29. Ng4+ Kh5 30. Nf6+ Kg6 31. Ne4 Rxa7 32. Rxa7 Bxe4 33. fxe4 Nf3+ 34. Kh1 Nh4 35. Qg3 Qe8 36. Qg4 Qf8 37. Qe6+ Kh5 38. Rxh7+ Qh6 39. Rxh6# 1-0

[Event "Titled Tuesday intern op 04th Mar Early"]
[Site "Chess.com INT"]
[Date "2025.03.04"]
[Round "6"]
[White "Yelisieiev, Yevhenii"]
[Black "Tleukhanov, Yerlan"]
[Result "1-0"]
[WhiteElo "2421"]
[BlackElo "2177"]
[PlyCount "55"]
[EventDate "2025.03.04"]
[EventType "swiss (blitz)"]
[EventRounds "11"]
[EventCountry "USA"]
[SourceTitle "CB11_2025"]
[SourceDate "2025.03.12"]
[SourceVersion "1"]
[SourceVersionDate "2025.03.12"]
[SourceQuality "1"]

1. d4 Nf6 2. Nf3 d5 3. c4 e6 4. Nc3 Bb4 5. e3 0-0 6. Qc2 b6 7. cxd5 exd5 8. Bd3 Ba6 9. Bxa6 Nxa6 10. 0-0 c6 11. Ne5 Qc8 12. f4 Qb7 13. a3 Bxc3 14. bxc3 c5 15. a4 Ne4 16. Ba3 Rfc8 17. Qb2 cxd4 18. cxd4 Rc3 19. Rac1 Rxe3 20. Rf3 Rxf3 21. gxf3 Nf6 22. Qb5 Rc8 23. Nc6 Rc7 24. Bd6 Rd7 25. Ne7+ Kf8 26. Rc8+ Ne8 27. Nf5+ Rxd6 28. Qxe8# 1-0